| 000 | 00892nam a2200241 a 4500 | ||
|---|---|---|---|
| 001 | 000021518 | ||
| 005 | 20200930011343.0 | ||
| 008 | 100908s2005 sp a 000 0 spa d | ||
| 020 | _a8486716276 | ||
| 040 |
_aDO-SdBNP _bspa _cBNPHU |
||
| 082 |
_a305.42 _bC117m |
||
| 100 | 1 |
_aCabrera Pérez, Luis Alberto. _944843 |
|
| 245 | 1 | 0 |
_aMujer, trabajo y sociedad (1839-1983) / _cLuis Alberto Cabrera Pérez ; prólogo Jesús Caldera Sánchez-Capitán ; introducción Josefina Cuesta Bustillo. |
| 260 |
_aMadrid : _bFundación F. Largo Caballero, _c2005. |
||
| 300 |
_a296 p. : _bil. ; _c29 cm. |
||
| 490 | 1 | _aFundación BBVA | |
| 650 | 4 |
_aTrabajo de la mujer _92064 |
|
| 650 | 4 |
_aMujeres _xCondiciones sociales _92063 |
|
| 700 | 1 |
_aCuesta Bustillo, Josefina, _eintrod. _944844 |
|
| 700 | 1 |
_aCaldera Sánchez Capitán, Jesús, _epról. _944845 |
|
| 830 | 0 |
_aFundación BBVA _944846 |
|
| 049 | _aBNGR | ||
| 999 |
_c21018 _d21018 |
||